[Event "45th FIDE Chess Olympiad Open"]
[Site "Budapest, Hungary"]
[Date "2024.09.22"]
[Round "11"]
[White "Castro Torres, Jose Luis"]
[Black "Mapuranga, Vitalis"]
[Result "1-0"]
[Board "144"]
[WhiteFideId "3901831"]
[BlackFideId "11004380"]
[WhiteTitle "FM"]
[WhiteElo "2299"]
[BlackElo "2013"]
[WhiteTeam "Venezuela"]
[BlackTeam "Zimbabwe"]
[WhiteClock "0:07:49"]
[BlackClock "0:33:57"]
[Variant "Standard"]

1. e4 {[%clk 1:30:50]}  d6 {[%clk 1:30:58]} 2. d4 {[%clk 1:31:13]}  Nf6 {[%clk 1:31:27]} 3. Nc3 {[%clk 1:31:37]}  g6 {[%clk 1:31:53]} 4. Be3 {[%clk 1:31:46]}  a6 {[%clk 1:32:11]} 5. f3 {[%clk 1:32:07]}  b5 {[%clk 1:32:29]} 6. Qd2 {[%clk 1:32:35]}  Bb7 {[%clk 1:32:41]} 7. a4 {[%clk 1:32:43]}  b4 {[%clk 1:32:23]} 8. Na2 {[%clk 1:32:32]}  a5 {[%clk 1:32:41]} 9. c3 {[%clk 1:32:57]}  bxc3 {[%clk 1:22:15]} 10. Nxc3 {[%clk 1:33:11]}  h5 {[%clk 1:22:29]} 11. Nh3 {[%clk 1:32:51]}  Bg7 {[%clk 1:22:47]} 12. Nf4 {[%clk 1:20:05]}  Nfd7 {[%clk 1:16:57]} 13. Rc1 {[%clk 1:17:25]}  Na6 {[%clk 1:15:26]} 14. Bc4 {[%clk 1:03:41]}  e5 {[%clk 0:59:25]} 15. Nfe2 {[%clk 0:48:44]}  exd4 {[%clk 0:56:45]} 16. Bxd4 {[%clk 0:49:06]}  Ne5 {[%clk 0:57:12]} 17. Bxa6 {[%clk 0:41:04]}  Bxa6 {[%clk 0:45:48]} 18. Nb5 {[%clk 0:40:23]}  Bxb5 {[%clk 0:41:16]} 19. axb5 {[%clk 0:40:45]}  O-O {[%clk 0:41:38]} 20. Qc3 {[%clk 0:23:53]}  Bh6 {[%clk 0:27:27]} 21. Rc2 {[%clk 0:22:49]}  Rb8 {[%clk 0:20:31]} 22. f4 {[%clk 0:18:26]}  Nd7 {[%clk 0:19:31]} 23. Qxc7 {[%clk 0:18:50]}  Rxb5 {[%clk 0:15:13]} 24. Qxd6 {[%clk 0:18:20]}  Re8 {[%clk 0:14:20]} 25. Rc7 {[%clk 0:14:57]}  Nf8 {[%clk 0:14:29]} 26. Qxd8 {[%clk 0:13:48]}  Rxd8 {[%clk 0:14:58]} 27. Bf6 {[%clk 0:12:23]}  Re8 {[%clk 0:14:10]} 28. O-O {[%clk 0:12:29]}  Rxe4 {[%clk 0:14:30]} 29. Nc3 {[%clk 0:12:52]}  Re6 {[%clk 0:13:55]} 30. Nxb5 {[%clk 0:11:30]}  Rxf6 {[%clk 0:14:24]} 31. g3 {[%clk 0:10:33]}  Rb6 {[%clk 0:14:40]} 32. Rc5 {[%clk 0:09:54]}  Ne6 {[%clk 0:14:33]} 33. Rd5 {[%clk 0:10:09]}  Bf8 {[%clk 0:15:00]} 34. Rc1 {[%clk 0:10:02]}  h4 {[%clk 0:14:06]} 35. Rc8 {[%clk 0:09:30]}  Kg7 {[%clk 0:14:15]} 36. Kg2 {[%clk 0:09:14]}  hxg3 {[%clk 0:14:21]} 37. hxg3 {[%clk 0:09:41]}  Rb7 {[%clk 0:12:52]} 38. b3 {[%clk 0:07:06]}  Be7 {[%clk 0:12:07]} 39. Kh3 {[%clk 0:05:46]}  Bf8 {[%clk 0:11:23]} 40. Kg4 {[%clk 0:02:54]}  Be7 {[%clk 0:11:32]} 41. Kh3 {[%clk 0:00:51]}  Bf8 {[%clk 0:11:27]} 42. Kg2 {[%clk 0:25:08]}  Be7 {[%clk 0:41:47]} 43. Kf2 {[%clk 0:25:11]}  Bf8 {[%clk 0:41:50]} 44. Ke3 {[%clk 0:25:20]}  Be7 {[%clk 0:41:48]} 45. Kd2 {[%clk 0:24:39]}  g5 {[%clk 0:40:55]} 46. f5 {[%clk 0:24:34]}  Nf8 {[%clk 0:40:56]} 47. Rc7 {[%clk 0:23:54]}  Bb4+ {[%clk 0:41:11]} 48. Kc2 {[%clk 0:24:03]}  Rb6 {[%clk 0:41:39]} 49. Nd4 {[%clk 0:23:46]}  Rh6 {[%clk 0:41:39]} 50. Nf3 {[%clk 0:20:16]}  g4 {[%clk 0:41:03]} 51. Ne5 {[%clk 0:19:05]}  Rh2+ {[%clk 0:41:02]} 52. Kd1 {[%clk 0:18:08]}  Rh1+ {[%clk 0:40:30]} 53. Ke2 {[%clk 0:18:36]}  Re1+ {[%clk 0:39:34]} 54. Kf2 {[%clk 0:19:05]}  Rb1 {[%clk 0:39:23]} 55. Rxf7+ {[%clk 0:18:56]}  Kg8 {[%clk 0:39:51]} 56. f6 {[%clk 0:16:21]}  Ne6 {[%clk 0:38:43]} 57. Rb7 {[%clk 0:11:04]}  Rxb3 {[%clk 0:37:35]} 58. Rb8+ {[%clk 0:10:38]}  Nf8 {[%clk 0:36:16]} 59. Ke2 {[%clk 0:07:59]}  Kh7 {[%clk 0:34:57]} 60. Rb7+ {[%clk 0:07:38]}  Kh8 {[%clk 0:33:57]} 61. Rg7 {[%clk 0:07:49]} 1-0

[Event "45th FIDE Chess Olympiad Open"]
[Site "Budapest, Hungary"]
[Date "2024.09.22"]
[Round "11"]
[White "Kjartansson, Gudmundur"]
[Black "Barbaria, Yacine"]
[Result "1-0"]
[Board "145"]
[WhiteFideId "2301318"]
[BlackFideId "5501245"]
[WhiteTitle "GM"]
[WhiteElo "2478"]
[BlackElo "2179"]
[WhiteTeam "Iceland"]
[BlackTeam "Tunisia"]
[WhiteClock "0:28:51"]
[BlackClock "0:35:25"]
[Variant "Standard"]

1. c4 {[%clk 1:30:56]}  c6 {[%clk 1:30:52]} 2. Nf3 {[%clk 1:31:19]}  d5 {[%clk 1:31:18]} 3. g3 {[%clk 1:31:44]}  Nf6 {[%clk 1:31:43]} 4. Bg2 {[%clk 1:32:10]}  Bf5 {[%clk 1:31:52]} 5. Qb3 {[%clk 1:31:43]}  Qb6 {[%clk 1:32:13]} 6. d3 {[%clk 1:31:57]}  e6 {[%clk 1:28:14]} 7. Be3 {[%clk 1:31:56]}  dxc4 {[%clk 1:27:17]} 8. dxc4 {[%clk 1:27:07]}  Qxb3 {[%clk 1:21:25]} 9. axb3 {[%clk 1:27:33]}  Bb4+ {[%clk 1:15:40]} 10. Bd2 {[%clk 1:09:09]}  Be7 {[%clk 1:08:45]} 11. Bc3 {[%clk 1:04:53]}  O-O {[%clk 1:07:09]} 12. Nd4 {[%clk 1:03:31]}  Be4 {[%clk 1:03:23]} 13. f3 {[%clk 1:03:35]}  Bg6 {[%clk 1:03:49]} 14. e4 {[%clk 1:03:29]}  Rd8 {[%clk 0:59:07]} 15. Ke2 {[%clk 1:02:37]}  Na6 {[%clk 0:52:45]} 16. Nxc6 {[%clk 1:01:11]}  Re8 {[%clk 0:47:27]} 17. Nxe7+ {[%clk 0:59:33]}  Rxe7 {[%clk 0:47:51]} 18. Rd1 {[%clk 0:57:23]}  Rd7 {[%clk 0:46:09]} 19. Na3 {[%clk 0:53:05]}  Nc5 {[%clk 0:46:09]} 20. b4 {[%clk 0:53:05]}  Nb3 {[%clk 0:38:59]} 21. Rxd7 {[%clk 0:47:56]}  Nxd7 {[%clk 0:38:59]} 22. Rd1 {[%clk 0:48:06]}  Nf8 {[%clk 0:39:11]} 23. Ke3 {[%clk 0:40:52]}  f6 {[%clk 0:36:41]} 24. Rd3 {[%clk 0:33:56]}  a5 {[%clk 0:33:57]} 25. bxa5 {[%clk 0:33:47]}  Nxa5 {[%clk 0:34:00]} 26. Bxa5 {[%clk 0:34:12]}  Rxa5 {[%clk 0:34:25]} 27. Rd8 {[%clk 0:34:33]}  Bf7 {[%clk 0:31:17]} 28. Rb8 {[%clk 0:34:13]}  Ra7 {[%clk 0:31:20]} 29. Kd4 {[%clk 0:30:55]}  g5 {[%clk 0:30:23]} 30. Kc3 {[%clk 0:28:23]}  h5 {[%clk 0:28:01]} 31. f4 {[%clk 0:26:38]}  e5 {[%clk 0:26:41]} 32. f5 {[%clk 0:26:11]}  g4 {[%clk 0:26:41]} 33. c5 {[%clk 0:22:54]}  Kg7 {[%clk 0:25:58]} 34. Nb5 {[%clk 0:22:51]}  Ra1 {[%clk 0:21:57]} 35. Rxb7 {[%clk 0:23:08]}  Rc1+ {[%clk 0:17:57]} 36. Kd3 {[%clk 0:22:18]}  Kg8 {[%clk 0:17:58]} 37. Nd6 {[%clk 0:21:48]}  Ba2 {[%clk 0:17:53]} 38. b4 {[%clk 0:17:34]}  h4 {[%clk 0:17:16]} 39. gxh4 {[%clk 0:17:37]}  Bb1+ {[%clk 0:11:43]} 40. Ke3 {[%clk 0:13:55]}  Rc3+ {[%clk 0:11:32]} 41. Kf2 {[%clk 0:13:46]}  Bd3 {[%clk 0:11:22]} 42. Rc7 {[%clk 0:03:30]}  Rb3 {[%clk 0:07:43]} 43. c6 {[%clk 0:28:35]}  Rb2+ {[%clk 0:36:08]} 44. Ke3 {[%clk 0:28:43]}  Rxg2 {[%clk 0:35:00]} 45. Kxd3 {[%clk 0:29:01]}  Rxh2 {[%clk 0:35:25]} 46. Ne8 {[%clk 0:28:51]} 1-0

[Event "45th FIDE Chess Olympiad Open"]
[Site "Budapest, Hungary"]
[Date "2024.09.22"]
[Round "11"]
[White "Ben Ammar, Mohamed"]
[Black "Stefansson, Hannes"]
[Result "0-1"]
[Board "146"]
[WhiteFideId "5502012"]
[BlackFideId "2300087"]
[WhiteTitle "CM"]
[BlackTitle "GM"]
[WhiteElo "2143"]
[BlackElo "2471"]
[WhiteTeam "Tunisia"]
[BlackTeam "Iceland"]
[WhiteClock "0:00:54"]
[BlackClock "0:18:01"]
[Variant "Standard"]

1. d4 {[%clk 1:30:57]}  Nf6 {[%clk 1:30:47]} 2. Nf3 {[%clk 1:31:18]}  b6 {[%clk 1:30:45]} 3. Nbd2 {[%clk 1:23:40]}  Bb7 {[%clk 1:30:49]} 4. e3 {[%clk 1:23:59]}  c5 {[%clk 1:28:37]} 5. c3 {[%clk 1:23:17]}  g6 {[%clk 1:28:14]} 6. Bd3 {[%clk 1:21:56]}  Bg7 {[%clk 1:27:54]} 7. e4 {[%clk 1:19:40]}  O-O {[%clk 1:27:30]} 8. O-O {[%clk 1:14:35]}  d6 {[%clk 1:27:06]} 9. Re1 {[%clk 1:08:59]}  e6 {[%clk 1:25:45]} 10. Nf1 {[%clk 1:03:49]}  Nc6 {[%clk 1:24:56]} 11. Ng3 {[%clk 1:01:10]}  Rc8 {[%clk 1:23:52]} 12. a3 {[%clk 0:59:22]}  Qc7 {[%clk 1:21:12]} 13. h3 {[%clk 0:49:44]}  Nd7 {[%clk 1:19:18]} 14. Bf1 {[%clk 0:43:01]}  Rfe8 {[%clk 1:16:09]} 15. Be3 {[%clk 0:40:47]}  a6 {[%clk 1:14:53]} 16. Rc1 {[%clk 0:37:37]}  b5 {[%clk 1:13:18]} 17. c4 {[%clk 0:32:36]}  bxc4 {[%clk 1:08:37]} 18. Bxc4 {[%clk 0:31:39]}  cxd4 {[%clk 1:00:28]} 19. Nxd4 {[%clk 0:31:07]}  Nde5 {[%clk 0:58:35]} 20. Bf1 {[%clk 0:28:33]}  Qb8 {[%clk 0:58:08]} 21. f4 {[%clk 0:26:29]}  Nd7 {[%clk 0:56:14]} 22. Nxc6 {[%clk 0:21:38]}  Rxc6 {[%clk 0:56:14]} 23. Rxc6 {[%clk 0:22:02]}  Bxc6 {[%clk 0:56:32]} 24. b4 {[%clk 0:22:03]}  Bb5 {[%clk 0:53:56]} 25. Bxb5 {[%clk 0:19:28]}  axb5 {[%clk 0:54:15]} 26. Qd3 {[%clk 0:19:41]}  Rc8 {[%clk 0:53:03]} 27. Ne2 {[%clk 0:18:02]}  Rc4 {[%clk 0:50:59]} 28. Rd1 {[%clk 0:15:58]}  Bf8 {[%clk 0:49:47]} 29. Nc3 {[%clk 0:15:02]}  Qb7 {[%clk 0:49:43]} 30. a4 {[%clk 0:14:11]}  Rxb4 {[%clk 0:50:04]} 31. axb5 {[%clk 0:13:45]}  Nb6 {[%clk 0:48:19]} 32. Rb1 {[%clk 0:12:14]}  Rxb1+ {[%clk 0:47:33]} 33. Nxb1 {[%clk 0:12:26]}  d5 {[%clk 0:45:09]} 34. Nd2 {[%clk 0:12:04]}  Bb4 {[%clk 0:44:49]} 35. Qd4 {[%clk 0:10:27]}  Bxd2 {[%clk 0:43:20]} 36. Bxd2 {[%clk 0:08:59]}  Nd7 {[%clk 0:43:29]} 37. exd5 {[%clk 0:08:20]}  exd5 {[%clk 0:43:24]} 38. Bc3 {[%clk 0:08:24]}  f6 {[%clk 0:43:30]} 39. Qb4 {[%clk 0:08:22]}  Qc7 {[%clk 0:42:19]} 40. Bb2 {[%clk 0:05:27]}  Qb6+ {[%clk 0:34:32]} 41. Kh2 {[%clk 0:02:50]}  Qe6 {[%clk 0:34:04]} 42. Ba3 {[%clk 0:01:58]}  g5 {[%clk 0:32:25]} 43. Qd6 {[%clk 0:29:52]}  Kf7 {[%clk 1:02:10]} 44. Qc7 {[%clk 0:23:27]}  gxf4 {[%clk 0:53:16]} 45. Qxf4 {[%clk 0:18:06]}  h5 {[%clk 0:41:10]} 46. Bd6 {[%clk 0:14:08]}  Qe2 {[%clk 0:35:50]} 47. Qf5 {[%clk 0:08:46]}  Qxb5 {[%clk 0:35:43]} 48. Qxh5+ {[%clk 0:07:38]}  Ke6 {[%clk 0:36:04]} 49. Bf4 {[%clk 0:07:18]}  Nf8 {[%clk 0:35:40]} 50. Qg4+ {[%clk 0:07:11]}  Kf7 {[%clk 0:35:47]} 51. Qh5+ {[%clk 0:06:32]}  Ke7 {[%clk 0:33:36]} 52. Qh8 {[%clk 0:06:26]}  Qb4 {[%clk 0:27:22]} 53. Qg7+ {[%clk 0:05:17]}  Ke6 {[%clk 0:27:34]} 54. Qg8+ {[%clk 0:05:28]}  Ke7 {[%clk 0:27:48]} 55. Qg7+ {[%clk 0:04:25]}  Ke6 {[%clk 0:28:09]} 56. Bg3 {[%clk 0:03:02]}  d4 {[%clk 0:27:17]} 57. Qg8+ {[%clk 0:03:23]}  Ke7 {[%clk 0:27:24]} 58. Qd5 {[%clk 0:03:03]}  Ne6 {[%clk 0:26:02]} 59. h4 {[%clk 0:03:12]}  Qc5 {[%clk 0:23:35]} 60. Qb7+ {[%clk 0:03:02]}  Ke8 {[%clk 0:23:37]} 61. Qb3 {[%clk 0:02:30]}  Qf5 {[%clk 0:23:17]} 62. Qa4+ {[%clk 0:02:30]}  Kf8 {[%clk 0:22:12]} 63. Qd7 {[%clk 0:02:31]}  d3 {[%clk 0:18:32]} 64. Bd6+ {[%clk 0:01:48]}  Kg8 {[%clk 0:18:57]} 65. Bg3 {[%clk 0:00:39]}  Ng7 {[%clk 0:16:45]} 66. Qd8+ {[%clk 0:00:55]}  Kf7 {[%clk 0:16:51]} 67. Qd4 {[%clk 0:00:36]}  Kg6 {[%clk 0:17:12]} 68. Kg1 {[%clk 0:00:33]}  Qb5 {[%clk 0:16:25]} 69. Qg4+ {[%clk 0:00:39]}  Kf7 {[%clk 0:16:43]} 70. Bf4 {[%clk 0:00:36]}  Qc5+ {[%clk 0:16:43]} 71. Kh2 {[%clk 0:00:33]}  Qd4 {[%clk 0:15:43]} 72. h5 {[%clk 0:00:32]}  Qe4 {[%clk 0:15:38]} 73. Qd7+ {[%clk 0:00:49]}  Kg8 {[%clk 0:15:54]} 74. Qd8+ {[%clk 0:00:32]}  Ne8 {[%clk 0:16:18]} 75. Bg3 {[%clk 0:00:35]}  Kg7 {[%clk 0:16:19]} 76. Qd7+ {[%clk 0:00:36]}  Kh6 {[%clk 0:16:43]} 77. Qf7 {[%clk 0:00:32]}  d2 {[%clk 0:16:45]} 78. Kh3 {[%clk 0:00:32]}  Qf5+ {[%clk 0:16:51]} 79. Kh4 {[%clk 0:00:41]}  Qg5+ {[%clk 0:17:15]} 80. Kh3 {[%clk 0:01:03]}  Qxh5+ {[%clk 0:17:39]} 81. Qxh5+ {[%clk 0:00:54]}  Kxh5 {[%clk 0:18:01]} 0-1

[Event "45th FIDE Chess Olympiad Open"]
[Site "Budapest, Hungary"]
[Date "2024.09.22"]
[Round "11"]
[White "Heimisson, Hilmir Freyr"]
[Black "Taieb, Sahbi"]
[Result "1-0"]
[Board "147"]
[WhiteFideId "2309998"]
[BlackFideId "5500770"]
[WhiteTitle "IM"]
[BlackTitle "CM"]
[WhiteElo "2391"]
[BlackElo "2118"]
[WhiteTeam "Iceland"]
[BlackTeam "Tunisia"]
[WhiteClock "0:04:58"]
[BlackClock "0:00:41"]
[Variant "Standard"]

1. Nf3 {[%clk 1:30:54]}  c5 {[%clk 1:30:57]} 2. c4 {[%clk 1:27:45]}  Nc6 {[%clk 1:31:22]} 3. Nc3 {[%clk 1:27:10]}  g6 {[%clk 1:29:45]} 4. e3 {[%clk 1:26:44]}  Bg7 {[%clk 1:27:07]} 5. d4 {[%clk 1:27:04]}  cxd4 {[%clk 1:27:31]} 6. exd4 {[%clk 1:27:26]}  d6 {[%clk 1:27:51]} 7. Be2 {[%clk 1:11:12]}  Nf6 {[%clk 1:25:32]} 8. d5 {[%clk 1:08:03]}  Nb8 {[%clk 1:24:38]} 9. h3 {[%clk 1:05:40]}  O-O {[%clk 1:24:21]} 10. O-O {[%clk 1:05:48]}  Nbd7 {[%clk 1:21:25]} 11. Nd4 {[%clk 0:58:37]}  Nb6 {[%clk 1:12:07]} 12. Be3 {[%clk 0:57:08]}  Bd7 {[%clk 1:09:19]} 13. Rc1 {[%clk 0:56:48]}  Qc8 {[%clk 0:54:41]} 14. b3 {[%clk 0:56:10]}  Be8 {[%clk 0:51:20]} 15. Re1 {[%clk 0:49:25]}  Nfd7 {[%clk 0:42:27]} 16. Qd2 {[%clk 0:48:44]}  a5 {[%clk 0:30:33]} 17. Bg5 {[%clk 0:37:42]}  f6 {[%clk 0:17:25]} 18. Bh4 {[%clk 0:36:53]}  Nc5 {[%clk 0:17:06]} 19. Bd1 {[%clk 0:27:29]}  Qd8 {[%clk 0:10:55]} 20. a3 {[%clk 0:22:08]}  Bf7 {[%clk 0:10:59]} 21. Ncb5 {[%clk 0:21:17]}  Nbd7 {[%clk 0:07:21]} 22. b4 {[%clk 0:17:52]}  axb4 {[%clk 0:07:36]} 23. axb4 {[%clk 0:18:14]}  Na6 {[%clk 0:07:43]} 24. Bb3 {[%clk 0:16:05]}  Re8 {[%clk 0:07:38]} 25. f4 {[%clk 0:12:25]}  Bh6 {[%clk 0:07:37]} 26. Bf2 {[%clk 0:12:34]}  Rc8 {[%clk 0:06:32]} 27. Re2 {[%clk 0:10:36]}  Nc7 {[%clk 0:03:18]} 28. Nc3 {[%clk 0:09:56]}  Na6 {[%clk 0:03:21]} 29. Ne4 {[%clk 0:09:51]}  Qb6 {[%clk 0:02:53]} 30. Nf5 {[%clk 0:07:46]}  gxf5 {[%clk 0:00:49]} 31. Bxb6 {[%clk 0:08:07]}  fxe4 {[%clk 0:00:58]} 32. Bd4 {[%clk 0:08:09]}  f5 {[%clk 0:00:57]} 33. g4 {[%clk 0:05:05]}  fxg4 {[%clk 0:00:39]} 34. hxg4 {[%clk 0:05:04]}  Ne5 {[%clk 0:01:00]} 35. Bxe5 {[%clk 0:04:32]}  dxe5 {[%clk 0:01:29]} 36. g5 {[%clk 0:04:36]}  e3 {[%clk 0:01:28]} 37. Rxe3 {[%clk 0:04:18]}  exf4 {[%clk 0:00:53]} 38. gxh6 {[%clk 0:04:34]}  fxe3 {[%clk 0:01:12]} 39. Qd4 {[%clk 0:04:36]}  e5 {[%clk 0:00:41]} 40. dxe6 {[%clk 0:04:58]} 1-0

[Event "45th FIDE Chess Olympiad Open"]
[Site "Budapest, Hungary"]
[Date "2024.09.22"]
[Round "11"]
[White "Amdouni, Zoubaier"]
[Black "Gretarsson, Helgi Ass"]
[Result "0-1"]
[Board "148"]
[WhiteFideId "5500419"]
[BlackFideId "2300699"]
[WhiteTitle "FM"]
[BlackTitle "GM"]
[WhiteElo "2151"]
[BlackElo "2450"]
[WhiteTeam "Tunisia"]
[BlackTeam "Iceland"]
[WhiteClock "0:01:54"]
[BlackClock "0:06:53"]
[Variant "Standard"]

1. e4 {[%clk 1:30:52]}  d6 {[%clk 1:30:53]} 2. Nc3 {[%clk 1:31:18]}  Nf6 {[%clk 1:30:45]} 3. f4 {[%clk 1:31:18]}  g6 {[%clk 1:30:04]} 4. Bc4 {[%clk 1:30:43]}  c6 {[%clk 1:22:53]} 5. Bb3 {[%clk 1:29:03]}  d5 {[%clk 1:22:07]} 6. e5 {[%clk 1:23:12]}  Bg4 {[%clk 1:22:25]} 7. Nf3 {[%clk 1:22:38]}  Nfd7 {[%clk 1:19:37]} 8. h3 {[%clk 1:14:58]}  Bxf3 {[%clk 1:19:56]} 9. Qxf3 {[%clk 1:15:27]}  e6 {[%clk 1:20:07]} 10. d3 {[%clk 1:11:47]}  h5 {[%clk 1:20:18]} 11. Bd2 {[%clk 1:11:14]}  h4 {[%clk 1:07:30]} 12. Nd1 {[%clk 1:06:48]}  a5 {[%clk 0:56:30]} 13. c3 {[%clk 1:00:09]}  a4 {[%clk 0:56:43]} 14. Bc2 {[%clk 1:00:35]}  c5 {[%clk 0:57:01]} 15. Ne3 {[%clk 0:55:35]}  Nc6 {[%clk 0:57:21]} 16. O-O {[%clk 0:55:26]}  Be7 {[%clk 0:53:40]} 17. a3 {[%clk 0:47:46]}  Nb6 {[%clk 0:45:32]} 18. Rae1 {[%clk 0:31:16]}  Qc7 {[%clk 0:32:08]} 19. Ng4 {[%clk 0:26:43]}  Na5 {[%clk 0:22:35]} 20. Qd1 {[%clk 0:16:08]}  Qc6 {[%clk 0:22:42]} 21. Nh2 {[%clk 0:15:47]}  Qb5 {[%clk 0:20:09]} 22. Bc1 {[%clk 0:14:52]}  Nb3 {[%clk 0:19:51]} 23. Be3 {[%clk 0:05:57]}  Na5 {[%clk 0:17:53]} 24. Bc1 {[%clk 0:06:25]}  Nc6 {[%clk 0:15:23]} 25. Nf3 {[%clk 0:06:11]}  Bd8 {[%clk 0:15:30]} 26. Ng5 {[%clk 0:06:02]}  Ne7 {[%clk 0:14:20]} 27. d4 {[%clk 0:01:29]}  Nc4 {[%clk 0:14:17]} 28. dxc5 {[%clk 0:01:16]}  Nxb2 {[%clk 0:04:03]} 29. Bxb2 {[%clk 0:01:33]}  Qxb2 {[%clk 0:04:31]} 30. Bxa4+ {[%clk 0:02:02]}  Kf8 {[%clk 0:05:01]} 31. Bd7 {[%clk 0:02:10]}  Qxa3 {[%clk 0:03:39]} 32. Qd4 {[%clk 0:01:20]}  Nf5 {[%clk 0:02:46]} 33. Qb4 {[%clk 0:01:37]}  Bxg5 {[%clk 0:02:34]} 34. fxg5 {[%clk 0:01:21]}  Ke7 {[%clk 0:01:38]} 35. Bb5 {[%clk 0:00:38]}  Qxb4 {[%clk 0:01:08]} 36. cxb4 {[%clk 0:01:07]}  Ra3 {[%clk 0:01:36]} 37. Ra1 {[%clk 0:00:38]}  Rha8 {[%clk 0:01:52]} 38. Rxa3 {[%clk 0:01:07]}  Rxa3 {[%clk 0:02:20]} 39. Rb1 {[%clk 0:01:35]}  Nd4 {[%clk 0:00:40]} 40. Bf1 {[%clk 0:01:36]}  Kd8 {[%clk 0:00:39]} 41. Rd1 {[%clk 0:16:45]}  Nc6 {[%clk 0:19:05]} 42. b5 {[%clk 0:17:01]}  Nxe5 {[%clk 0:19:29]} 43. Rd4 {[%clk 0:17:16]}  Rxh3 {[%clk 0:18:34]} 44. Rxd5+ {[%clk 0:06:39]}  exd5 {[%clk 0:18:54]} 45. gxh3 {[%clk 0:07:08]}  Nf3+ {[%clk 0:18:52]} 46. Kf2 {[%clk 0:07:02]}  Nxg5 {[%clk 0:19:07]} 47. Bg2 {[%clk 0:07:29]}  Ne4+ {[%clk 0:08:21]} 48. Ke3 {[%clk 0:07:41]}  Nxc5 {[%clk 0:08:45]} 49. Bxd5 {[%clk 0:07:13]}  Ke7 {[%clk 0:09:11]} 50. b6 {[%clk 0:07:13]}  f5 {[%clk 0:09:24]} 51. Kd4 {[%clk 0:05:18]}  Kd6 {[%clk 0:08:31]} 52. Kc4 {[%clk 0:04:49]}  Nd7 {[%clk 0:05:29]} 53. Kd4 {[%clk 0:04:36]}  Nxb6 {[%clk 0:05:42]} 54. Bxb7 {[%clk 0:05:03]}  Nd7 {[%clk 0:06:03]} 55. Bf3 {[%clk 0:04:32]}  Nc5 {[%clk 0:06:03]} 56. Be2 {[%clk 0:03:05]}  Ne6+ {[%clk 0:06:21]} 57. Ke3 {[%clk 0:03:28]}  Ke5 {[%clk 0:06:39]} 58. Bf1 {[%clk 0:01:54]}  g5 {[%clk 0:06:59]} 59. Bg2 {[%clk 0:01:56]}  Nf4 {[%clk 0:05:58]} 60. Bf1 {[%clk 0:01:23]}  g4 {[%clk 0:04:17]} 61. hxg4 {[%clk 0:01:33]}  fxg4 {[%clk 0:04:42]} 62. Kf2 {[%clk 0:01:49]}  Ke4 {[%clk 0:04:24]} 63. Bb5 {[%clk 0:01:49]}  Nd3+ {[%clk 0:04:08]} 64. Kg2 {[%clk 0:01:57]}  Ne5 {[%clk 0:04:31]} 65. Ba6 {[%clk 0:01:25]}  Kf4 {[%clk 0:04:55]} 66. Bc8 {[%clk 0:01:35]}  Nc4 {[%clk 0:04:25]} 67. Bd7 {[%clk 0:01:14]}  Ne3+ {[%clk 0:04:49]} 68. Kh2 {[%clk 0:01:32]}  Nd5 {[%clk 0:04:42]} 69. Kg2 {[%clk 0:01:50]}  Nf6 {[%clk 0:05:03]} 70. Bc8 {[%clk 0:02:09]}  Kg5 {[%clk 0:05:09]} 71. Bb7 {[%clk 0:02:27]}  h3+ {[%clk 0:05:15]} 72. Kg3 {[%clk 0:01:37]}  Nh5+ {[%clk 0:05:40]} 73. Kh2 {[%clk 0:01:55]}  Kh4 {[%clk 0:06:06]} 74. Bc6 {[%clk 0:01:36]}  Nf6 {[%clk 0:06:28]} 75. Bb7 {[%clk 0:01:54]}  g3+ {[%clk 0:06:53]} 0-1